Central Library OPAC University of Rajshahi

STUDY OF SOME ENVIRONMENTAL PARAMETERS AT RAJSHAHI CITY / (Record no. 80793)

MARC details
000 -LEADER
fixed length control field 00966nam a2200253 a 4500
001 - CONTROL NUMBER
RUCL Control Number 80793
003 - CONTROL NUMBER IDENTIFIER
rucl marc code BD-RjUL
005 - DATE AND TIME OF LATEST TRANSACTION
control field 20230606122245.0
008 - FIXED-LENGTH DATA ELEMENTS--GENERAL INFORMATION
fixed length control field 221117s1999 bg a|||| m||| 00| 0 eng d
035 ## - SYSTEM CONTROL NUMBER
system control number (BD-RjUL)80793
040 ## - CATALOGING SOURCE
Original cataloging agency BD-RjUL
Language of cataloging eng
Transcribing agency BD-RjUL
Modifying agency BD-RjUL
041 ## - LANGUAGE CODE
Language code of Book eng
082 ## - DEWEY DECIMAL CLASSIFICATION NUMBER
DDC Edition number 23
Classification number 551.6
Author mark and Year KES 1999
100 ## - MAIN ENTRY--PERSONAL NAME
Personal name Keka, Ishrat Ara
9 (RLIN) 5886
245 10 - TITLE STATEMENT
Title STUDY OF SOME ENVIRONMENTAL PARAMETERS AT RAJSHAHI CITY /
Statement of responsibility, etc Submitted by Ishrat Ara Keka ;
Name of Supervisor/Co-Supervisor Supervision : M. Mozammel Haque & Md. Rokon Uddin
260 ## - PUBLICATION, DISTRIBUTION, ETC. (IMPRINT)
Place of publication, distribution, etc Rajshahi :
Name of publisher, distributor, etc Department of Physics, University of Rajshahi
Date of publication, distribution, etc 1999
300 ## - PHYSICAL DESCRIPTION
Pagination [2], iv, [2], 137 leaves :
Other physical details ill.;
Dimensions 29 cm.
502 ## - DISSERTATION NOTE
Dissertation note Thesis(M.Phil.)-- Department of Physics, University of Rajshahi,1999
504 ## - BIBLIOGRAPHY, ETC. NOTE
Bibliography, etc References : Leaves 133-137
650 ## - SUBJECT ADDED ENTRY--TOPICAL TERM
Topical term or geographic name as entry element Climatology and Weather
General subdivision Environment
9 (RLIN) 5887
700 ## - ADDED ENTRY--SUPERVISOR/CO-SUPERVISOR NAME
Personal name Haque, M. Mozammel, Supervision
9 (RLIN) 3255
Personal name Uddin, Md. Rokon, Supervision
9 (RLIN) 3256
942 ## - ADDED ENTRY ELEMENTS (KOHA)
Source of classification or shelving scheme Dewey Decimal Classification
Koha item type Theses
Holdings
Source of classification or shelving scheme Damaged status Not for loan Collection code Permanent Location Current Location Shelving location Date of accession Source of acquisition Total Checkouts Full call number Barcode Date last seen Copy number Thesis
Dewey Decimal Classification   Not For Loan Theses Central Library, University of Rajshahi Central Library, University of Rajshahi Documentation Section 19/11/2000 Controller of Exam. R.U.   THE 551.6 KES 1999 D1974 17/11/2022 C-1 Theses